000 00634nam a2200241Ia 4500
001 2652
005 20240113233549.0
007 ta
008 050228s1973 g b000 u hin u
040 _aCotton College,Assam
041 _ahin
082 _a891.4309
_bC 361 Aa
100 _aChandra, Sansar .
245 0 _aAakalan aur Samiksha /
_cSansar Chandra.
_hTextual Documents
250 _a1st ed. /
260 _aNew Delhi :
_bMansingh Gupta ,
_c1973.
300 _a172p. ;
_c23cm.
653 _aHindi literature-Criticism
653 _aGen-Hindi
942 _2ddc
_cBK
999 _c2645
_d2645